000 00291nam a22001337a 4500
008 171018b xxu||||| |||| 00| 0 eng d
020 _a9780070104587
041 _aeng
080 _a338
100 _a53
101 _aMEN
245 _aSTRATEGIC MANAGEMENT
_cCERTO.S.C
942 _2udc
_cBK
999 _c34572
_d34572